| 000 | 01536nam a2200301Ia 4500 | ||
|---|---|---|---|
| 999 |
_c53168 _d53168 |
||
| 001 | 20207 | ||
| 003 | GE_BSU | ||
| 005 | 20200610195255.0 | ||
| 008 | 181216s2015||||ge |||||||||||||| ||geo|| | ||
| 020 | _a9789941081408 | ||
| 040 | _cGE_BSU | ||
| 041 | _ageo | ||
| 080 | _a27-526.6(479.22)+739.046 მ-42 | ||
| 100 |
_aმაჩაბელი, კიტი _98335 |
||
| 245 |
_aღმრთისმშობელი ქართულ ჭედურ ხელოვნებაში (X-XI საუკუნეები) / _cკიტი მაჩაბელი. |
||
| 260 | _aთბილისი | ||
| 260 | _c2015 | ||
| 300 | _a104 გვ;ილ;25 სმ. | ||
| 300 | _bშენიშვნები: გვ. 96–104. | ||
| 300 | _cგარეკანზე: ღმრთისმშობელი ოდიგიტრია. ოქრო. მარტვილი, X-XI ს. | ||
| 500 | _aეძღვნება ქართული ხელოვნებათმცოდნეობის 100 წლისთავს | ||
| 500 | _aშენიშვნები : გვ. 96–104 | ||
| 501 | _aგარეკანზე : ღმრთისმშობელი ოდიგიტრია, ოქრო, მარტვილი, X-XI ს. | ||
| 653 | _aრელიგია;ხელოვნება | ||
| 653 | _aქართული ჭედური ხატები | ||
| 653 | _aღმრთისმშობლის იკონოგრაფია | ||
| 942 |
_cBK _2udc |
||